|
|
|
|
| LEADER |
01147nam a2200277 a 4500 |
| 001 |
4977250 |
| 008 |
090630s1997 ii ab b 001 0 eng d |
| 999 |
|
|
|c 1912
|d 1912
|
| 010 |
|
|
|a 97914012
|
| 020 |
|
|
|a 0195652479
|
| 020 |
|
|
|a 0195639006
|
| 040 |
|
|
|a DLC
|c DLC
|d DLC
|
| 082 |
0 |
0 |
|a 720.9540904
|2 21
|
| 100 |
1 |
|
|a Lang, Jon T.
|9 22690
|
| 245 |
1 |
0 |
|a Architecture and independence :
|b the search for identity--India 1880 to 1980 /
|c Jon Lang, Madhavi Desai, Miki Desai.
|
| 246 |
1 |
4 |
|a Architecture & independence
|
| 260 |
|
|
|a Delhi ;
|a New York :
|b Oxford University Press,
|c 1997.
|
| 300 |
|
|
|a xix, 347 p. :
|b ill., map ;
|c 28 cm.
|
| 504 |
|
|
|a Includes bibliographical references (p. [312]-328) and index.
|
| 541 |
1 |
|
|e 00008486
|
| 650 |
|
0 |
|a Architecture
|z India
|x History
|y 20th century.
|9 22691
|
| 700 |
1 |
|
|a Desai, Madhavi,
|d 1951-
|9 22692
|
| 700 |
1 |
|
|a Desai, Miki,
|d 1947-
|9 22693
|
| 852 |
4 |
|
|a Ayesha Abed Library
|j General shelf
|
| 942 |
|
|
|2 ddc
|c BK
|
| 952 |
|
|
|0 0
|1 0
|2 ddc
|4 0
|6 720_954090400000000_LAN
|7 0
|9 1755
|a BRACUL
|b BRACUL
|c GEN
|d 2009-06-30
|g 0.00
|l 0
|o 720.9540904 LAN
|p 3010008486
|r 2009-06-30
|t 1
|w 2009-06-30
|y BK
|x No price found in the accession register.
|